[Event "Madrid-chT 2122"]
[Site "Madrid"]
[Date "2022.03.06"]
[Round "12.1"]
[White "Candela Perez, Jose"]
[Black "Corral Blanco, Juan Antonio"]
[Result "1/2-1/2"]
[WhiteElo "2341"]
[BlackElo "2416"]
[PlyCount "96"]
[EventDate "2021.11.27"]
[EventType "team-tourn"]
[EventRounds "14"]
[EventCountry "ESP"]
[SourceTitle "Ajedrez en Madrid"]
[Source "lmi"]
[SourceDate "2021.11.28"]
[SourceVersion "1"]
[SourceVersionDate "2022.03.28"]
[SourceQuality "1"]
[WhiteTeam "Alcala de Henares"]
[BlackTeam "La Didactica"]
[WhiteTeamCountry "ESP"]
[BlackTeamCountry "ESP"]

1. d4 Nf6 2. c4 e6 3. Nc3 Bb4 4. Qc2 O-O 5. a3 Bxc3+ 6. Qxc3 d5 7. e3 b6 8. Nf3
Ba6 9. b3 dxc4 10. Bxc4 Bxc4 11. Qxc4 Qd5 12. Qxd5 Nxd5 13. Bb2 Nd7 14. Ke2 c5
15. Rhc1 Rfc8 16. Nd2 a5 17. dxc5 Nxc5 18. Bd4 Nd7 19. Nc4 f6 20. e4 Nf4+ 21.
Kf3 Nd3 22. Rd1 b5 23. Nd6 N3e5+ 24. Kg3 Rcb8 25. Rac1 Ra6 26. Be3 g5 27. h4
gxh4+ 28. Kxh4 Nf8 29. f4 Nf7 30. Nxf7 Kxf7 31. Rc7+ Kg8 32. f5 Raa8 33. Bh6
exf5 34. Bxf8 Kxf8 35. exf5 Rd8 36. Rdd7 Rxd7 37. Rxd7 Rc8 38. Rb7 Rc5 39. g4
a4 40. bxa4 bxa4 41. Rb4 Rc1 42. Rxa4 Kg7 43. Kg3 h5 44. gxh5 Kh6 45. Kf4 Kxh5
46. Rd4 Rf1+ 47. Ke4 Kg4 48. a4 Rxf5 1/2-1/2

[Event "Madrid-chT 2122"]
[Site "Madrid"]
[Date "2022.03.06"]
[Round "12.2"]
[White "Rottenwohrer Suarez, Juan"]
[Black "Moreno Ibañez, Miguel"]
[Result "1-0"]
[WhiteElo "2259"]
[BlackElo "2284"]
[PlyCount "117"]
[EventDate "2021.11.27"]
[EventType "team-tourn"]
[EventRounds "14"]
[EventCountry "ESP"]
[SourceTitle "Ajedrez en Madrid"]
[Source "lmi"]
[SourceDate "2021.11.28"]
[SourceVersion "1"]
[SourceVersionDate "2022.03.28"]
[SourceQuality "1"]
[WhiteTeam "La Didactica"]
[BlackTeam "Alcala de Henares"]
[WhiteTeamCountry "ESP"]
[BlackTeamCountry "ESP"]

1. d4 Nf6 2. c4 g6 3. Nf3 Bg7 4. g3 O-O 5. Bg2 d6 6. O-O c6 7. Nc3 Qa5 8. h3
Be6 9. Nd2 Qa6 10. b3 d5 11. cxd5 Nxd5 12. Nxd5 Bxd5 13. Bxd5 cxd5 14. Nf3 Nc6
15. Be3 Rfc8 16. Qd2 Qb6 17. Rac1 e6 18. Rc2 Nb4 19. Rxc8+ Rxc8 20. Rc1 Rxc1+
21. Qxc1 Nc6 22. Kg2 f6 23. Qb2 Qb5 24. Bf4 Qb4 25. a3 Qe7 26. b4 e5 27. Be3 e4
28. Ne1 f5 29. Qb3 Qd7 30. Qc3 Nd8 31. f4 Ne6 32. Nc2 h6 33. Qb3 Qb5 34. Kf2
Nc7 35. a4 Qc4 36. Qb2 Ne6 37. Na3 Qxd4 38. Qb3 Qf6 39. Qxd5 g5 40. fxg5 hxg5
41. Bxg5 Qf7 42. Be3 Kh7 43. Nc4 Qg6 44. Nd6 f4 45. gxf4 Nc7 46. Qxe4 Qxe4 47.
Nxe4 Nd5 48. Bxa7 Nxf4 49. Nd6 Nxh3+ 50. Kf1 Bf8 51. Nxb7 Bxb4 52. Bc5 Bxc5 53.
Nxc5 Nf4 54. Kf2 Kg6 55. Ke3 Kf5 56. a5 Nd5+ 57. Kd4 Nb4 58. a6 Kf6 59. Kc4 1-0

[Event "Madrid-chT 2122"]
[Site "Madrid"]
[Date "2022.03.06"]
[Round "12.3"]
[White "Fernandez Lledo, Javier"]
[Black "Arriaga Lugo, Ricardo"]
[Result "1-0"]
[WhiteElo "2248"]
[BlackElo "2174"]
[PlyCount "87"]
[EventDate "2021.11.27"]
[EventType "team-tourn"]
[EventRounds "14"]
[EventCountry "ESP"]
[SourceTitle "Ajedrez en Madrid"]
[Source "lmi"]
[SourceDate "2021.11.28"]
[SourceVersion "1"]
[SourceVersionDate "2022.03.28"]
[SourceQuality "1"]
[WhiteTeam "Alcala de Henares"]
[BlackTeam "La Didactica"]
[WhiteTeamCountry "ESP"]
[BlackTeamCountry "ESP"]

1. Nf3 Nf6 2. b3 d5 3. Bb2 g6 4. g3 Bg7 5. c4 c6 6. Bg2 O-O 7. O-O Re8 8. d4 b6
9. Nc3 Bb7 10. Ne5 e6 11. e4 Na6 12. f4 Rb8 13. f5 dxe4 14. fxg6 fxg6 15. Nxe4
Nxe4 16. Bxe4 Bxe5 17. dxe5 c5 18. Qe2 Bxe4 19. Qxe4 Qd2 20. Rf2 Qd7 21. Bc3
Rbd8 22. Raf1 Qd3 23. Qxd3 Rxd3 24. Bd2 h5 25. Bh6 Rd7 26. Bf8 Nb4 27. Bd6 Nc6
28. h3 Nd4 29. g4 hxg4 30. hxg4 Kg7 31. Kg2 Rh8 32. Bf8+ Kg8 33. Rf6 Rhh7 34.
Rxg6+ Kh8 35. Bxc5 Rhg7 36. Rh6+ Rh7 37. Rf8+ Kg7 38. Rxh7+ Kxh7 39. Bd6 Kg6
40. Rg8+ Kh6 41. b4 Rf7 42. Rf8 Rg7 43. Rf4 Ne2 44. Rf2 1-0

[Event "Madrid-chT 2122"]
[Site "Madrid"]
[Date "2022.03.06"]
[Round "12.4"]
[White "De la Puerta Cresis, Javier"]
[Black "Palenciano Escolar, Adrian"]
[Result "1-0"]
[WhiteElo "2124"]
[BlackElo "2132"]
[PlyCount "77"]
[EventDate "2021.11.27"]
[EventType "team-tourn"]
[EventRounds "14"]
[EventCountry "ESP"]
[SourceTitle "Ajedrez en Madrid"]
[Source "lmi"]
[SourceDate "2021.11.28"]
[SourceVersion "1"]
[SourceVersionDate "2022.03.28"]
[SourceQuality "1"]
[WhiteTeam "La Didactica"]
[BlackTeam "Alcala de Henares"]
[WhiteTeamCountry "ESP"]
[BlackTeamCountry "ESP"]

1. d4 Nf6 2. c4 g6 3. Nc3 Bg7 4. e4 d6 5. f4 O-O 6. Nf3 c5 7. d5 e6 8. Be2 exd5
9. cxd5 Bg4 10. e5 Bxf3 11. Bxf3 Re8 12. O-O dxe5 13. fxe5 Rxe5 14. Bf4 Re8 15.
Nb5 Na6 16. d6 Qb6 17. Qa4 Rad8 18. Rad1 c4+ 19. Kh1 Ne4 20. Nc7 Nxc7 21. dxc7
Nf2+ 22. Rxf2 Rxd1+ 23. Qxd1 Qxf2 24. Bg3 Qxb2 25. Qd7 Qb1+ 26. Bd1 Bf8 27.
Qxe8 Qxd1+ 28. Be1 Qd3 29. h3 Kg7 30. c8=Q Qf1+ 31. Kh2 Bd6+ 32. Bg3 Bxg3+ 33.
Kxg3 Qd3+ 34. Kf2 Qd4+ 35. Qe3 Qf6+ 36. Kg1 Qa1+ 37. Kh2 Qxa2 38. Qd4+ f6 39.
Qcd7+ 1-0

[Event "Madrid-chT 2122"]
[Site "Madrid"]
[Date "2022.03.06"]
[Round "12.5"]
[White "Cubillo Muñoz, Miguel"]
[Black "Barraza Caracuel, Ignacio"]
[Result "1/2-1/2"]
[WhiteElo "2146"]
[BlackElo "2109"]
[PlyCount "37"]
[EventDate "2021.11.27"]
[EventType "team-tourn"]
[EventRounds "14"]
[EventCountry "ESP"]
[SourceTitle "Ajedrez en Madrid"]
[Source "lmi"]
[SourceDate "2021.11.28"]
[SourceVersion "1"]
[SourceVersionDate "2022.03.28"]
[SourceQuality "1"]
[WhiteTeam "Alcala de Henares"]
[BlackTeam "La Didactica"]
[WhiteTeamCountry "ESP"]
[BlackTeamCountry "ESP"]

1. e4 e5 2. Nf3 Nc6 3. g3 Nf6 4. d3 d5 5. exd5 Nxd5 6. Bg2 Bc5 7. c3 O-O 8. O-O
Bb6 9. a4 a6 10. Na3 Re8 11. Re1 f6 12. Nc4 Ba7 13. Ne3 Be6 14. Nxd5 Bxd5 15.
Be3 Bxe3 16. Rxe3 Qd7 17. b4 Rad8 18. Qe2 Ne7 19. Nd2 1/2-1/2

[Event "Madrid-chT 2122"]
[Site "Madrid"]
[Date "2022.03.06"]
[Round "12.6"]
[White "Ore Leon, Gustavo"]
[Black "Yañez Rodriguez, Wilbert"]
[Result "0-1"]
[WhiteElo "1789"]
[BlackElo "2120"]
[PlyCount "86"]
[EventDate "2021.11.27"]
[EventType "team-tourn"]
[EventRounds "14"]
[EventCountry "ESP"]
[SourceTitle "Ajedrez en Madrid"]
[Source "lmi"]
[SourceDate "2021.11.28"]
[SourceVersion "1"]
[SourceVersionDate "2022.03.28"]
[SourceQuality "1"]
[WhiteTeam "La Didactica"]
[BlackTeam "Alcala de Henares"]
[WhiteTeamCountry "ESP"]
[BlackTeamCountry "ESP"]

1. e4 c5 2. Nf3 g6 3. d4 cxd4 4. Nxd4 Bg7 5. c4 Nc6 6. Nc2 Nf6 7. Bd3 d6 8. Nc3
O-O 9. O-O a5 10. Bd2 Nd7 11. Na4 Nc5 12. Nxc5 dxc5 13. Bc3 Nd4 14. Bxd4 Bxd4
15. Nxd4 Qxd4 16. Qc2 Bd7 17. Kh1 Bc6 18. Rad1 a4 19. Rd2 Rfd8 20. Rfd1 Qe5 21.
f3 Rd4 22. Be2 Rad8 23. Rxd4 Rxd4 24. Rxd4 cxd4 25. g3 Qa5 26. Bd3 Qe1+ 27. Kg2
e5 28. Qf2 Qb4 29. Qe2 Kg7 30. Kf2 f6 31. Qc2 Kf7 32. Ke2 Ke7 33. Qd2 Qxd2+ 34.
Kxd2 Kd6 35. b3 axb3 36. axb3 Kc5 37. Bc2 h6 38. Bd3 b6 39. Kc2 f5 40. Kb2 fxe4
41. fxe4 Kb4 42. Ka2 Kc3 43. Bb1 d3 0-1

[Event "Madrid-chT 2122"]
[Site "Madrid"]
[Date "2022.03.06"]
[Round "12.2"]
[White "Taboas Rodriguez, Daniel"]
[Black "Elissalt Cardenas, Hector"]
[Result "1-0"]
[WhiteElo "2355"]
[BlackElo "2290"]
[PlyCount "73"]
[EventDate "2021.11.27"]
[EventType "team-tourn"]
[EventRounds "14"]
[EventCountry "ESP"]
[SourceTitle "Ajedrez en Madrid"]
[Source "lmi"]
[SourceDate "2021.11.28"]
[SourceVersion "1"]
[SourceVersionDate "2022.03.28"]
[SourceQuality "1"]
[WhiteTeam "Blanco y Negro"]
[BlackTeam "Tajamar"]
[WhiteTeamCountry "ESP"]
[BlackTeamCountry "ESP"]

1. d4 d5 2. c4 e6 3. Nc3 Nf6 4. Bg5 Be7 5. e3 Nbd7 6. Nf3 h6 7. Bh4 O-O 8. Rc1
a6 9. c5 c6 10. b4 b5 11. Bd3 a5 12. a3 Bb7 13. O-O Ra7 14. Qe2 Ne4 15. Bxe7
Nxc3 16. Bxd8 Nxe2+ 17. Bxe2 Rxd8 18. a4 axb4 19. axb5 Ra2 20. Bd3 Rda8 21. Rb1
R8a3 22. Rfd1 Rc3 23. Kf1 e5 24. Rxb4 e4 25. Bb1 Raa3 26. bxc6 Bxc6 27. Nd2 f5
28. h4 g5 29. hxg5 hxg5 30. g3 Ba4 31. Re1 Nf6 32. Rb2 f4 33. gxf4 gxf4 34.
exf4 Nh5 35. Ba2 Nxf4 36. Nxe4 Rxa2 37. Rb8+ 1-0

[Event "Madrid-chT 2122"]
[Site "Madrid"]
[Date "2022.03.06"]
[Round "12.3"]
[White "Mkrtchyan, Levon"]
[Black "Alarcia Astiz, Carlos"]
[Result "1/2-1/2"]
[WhiteElo "2280"]
[BlackElo "2294"]
[PlyCount "93"]
[EventDate "2021.11.27"]
[EventType "team-tourn"]
[EventRounds "14"]
[EventCountry "ESP"]
[SourceTitle "Ajedrez en Madrid"]
[Source "lmi"]
[SourceDate "2021.11.28"]
[SourceVersion "1"]
[SourceVersionDate "2022.03.28"]
[SourceQuality "1"]
[WhiteTeam "Tajamar"]
[BlackTeam "Blanco y Negro"]
[WhiteTeamCountry "ESP"]
[BlackTeamCountry "ESP"]

1. e4 c6 2. d4 d5 3. exd5 cxd5 4. Bd3 Nc6 5. c3 g6 6. Qc2 Bg7 7. Bf4 Nf6 8. h3
a6 9. Nf3 Bd7 10. Ne5 Rc8 11. Nxc6 Rxc6 12. Be5 Qc8 13. Na3 Bh6 14. O-O O-O 15.
Qe2 Bf5 16. Nc2 Rb6 17. Nb4 Bxd3 18. Nxd3 Ne4 19. Rad1 e6 20. f3 Nd6 21. Bxd6
Rxd6 22. f4 Re8 23. g4 Bg7 24. Rde1 Rdd8 25. Qf3 Qc7 26. Re2 Re7 27. h4 Rde8
28. h5 Qd6 29. g5 Bf8 30. Ne5 Rc8 31. Ng4 Bg7 32. Qh3 Rcc7 33. Rh2 Bh8 34. Qh4
b5 35. a3 a5 36. Nf6+ Bxf6 37. gxf6 Re8 38. Qg5 b4 39. axb4 axb4 40. Kh1 bxc3
41. Rc1 Qf8 42. bxc3 Rec8 43. Qg4 Re8 44. Qg5 Rec8 45. Qe5 Rc6 46. Qg5 R6c7 47.
Qe5 1/2-1/2

[Event "Madrid-chT 2122"]
[Site "Madrid"]
[Date "2022.03.06"]
[Round "12.4"]
[White "Renteria Becerra, Jorge Elicer"]
[Black "Rodriguez Lopez, David"]
[Result "1/2-1/2"]
[WhiteElo "2260"]
[BlackElo "2145"]
[PlyCount "120"]
[EventDate "2021.11.27"]
[EventType "team-tourn"]
[EventRounds "14"]
[EventCountry "ESP"]
[SourceTitle "Ajedrez en Madrid"]
[Source "lmi"]
[SourceDate "2021.11.28"]
[SourceVersion "1"]
[SourceVersionDate "2022.03.28"]
[SourceQuality "1"]
[WhiteTeam "Blanco y Negro"]
[BlackTeam "Tajamar"]
[WhiteTeamCountry "ESP"]
[BlackTeamCountry "ESP"]

1. d4 d5 2. c4 e6 3. Nf3 Nf6 4. Nc3 Be7 5. Bf4 O-O 6. e3 Nbd7 7. c5 Nh5 8. Bd3
Nxf4 9. exf4 b6 10. b4 a5 11. a3 bxc5 12. bxc5 Ba6 13. Bxa6 Rxa6 14. O-O c6 15.
Re1 Bf6 16. Qd3 Ra8 17. Rab1 Qc7 18. g3 Rfb8 19. Ne5 g6 20. Na4 Bxe5 21. fxe5
Rxb1 22. Rxb1 Rb8 23. Rb3 Kf8 24. h4 Ke8 25. Kg2 Rxb3 26. Qxb3 Qb8 27. Qxb8+
Nxb8 28. Kf3 Na6 29. Nb2 Nc7 30. a4 Na6 31. Nd3 Nb4 32. Nc1 Kd7 33. Ke3 Kc7 34.
Nb3 Kb7 35. Nxa5+ Ka6 36. Nb3 Nc2+ 37. Kd2 Na3 38. Kc3 Nc4 39. h5 gxh5 40. Kd3
Nb2+ 41. Ke3 Nxa4 42. f4 Kb5 43. f5 exf5 44. Nd2 Nc3 45. Kf4 Ne2+ 46. Kxf5
Nxd4+ 47. Kf6 Kxc5 48. Kxf7 Kb4 49. Kf6 c5 50. Nf3 h6 51. e6 Nxe6 52. Kxe6 d4
53. Kd5 d3 54. Ke4 c4 55. Kd4 Kb3 56. Nd2+ Kc2 57. Nxc4 d2 58. Ne3+ Kc1 59. Ke4
d1=Q 60. Nxd1 Kxd1 1/2-1/2

[Event "Madrid-chT 2122"]
[Site "Madrid"]
[Date "2022.03.06"]
[Round "12.5"]
[White "Sahuquillo Cruz, Alejandro"]
[Black "Hidalgo Duque, Carlos"]
[Result "0-1"]
[WhiteElo "2014"]
[BlackElo "2243"]
[PlyCount "74"]
[EventDate "2021.11.27"]
[EventType "team-tourn"]
[EventRounds "14"]
[EventCountry "ESP"]
[SourceTitle "Ajedrez en Madrid"]
[Source "lmi"]
[SourceDate "2021.11.28"]
[SourceVersion "1"]
[SourceVersionDate "2022.03.28"]
[SourceQuality "1"]
[WhiteTeam "Tajamar"]
[BlackTeam "Blanco y Negro"]
[WhiteTeamCountry "ESP"]
[BlackTeamCountry "ESP"]

1. e4 c5 2. Nf3 d6 3. d4 cxd4 4. Nxd4 Nf6 5. Nc3 a6 6. Be2 e6 7. a4 Be7 8. Be3
Nc6 9. Nb3 b6 10. f4 Qc7 11. O-O O-O 12. Bf3 Rb8 13. Qe2 Na5 14. Nxa5 bxa5 15.
Rab1 Rb4 16. g4 Bb7 17. Bf2 Nd7 18. Rfd1 Nb6 19. Rd4 Bf6 20. Rxb4 axb4 21. Na2
Nxa4 22. Nxb4 Bxb2 23. Qd2 a5 24. Nd3 Bc3 25. Qe3 Ba6 26. g5 Rb8 27. Rd1 Nb6
28. f5 Nc4 29. Qf4 a4 30. g6 hxg6 31. fxg6 fxg6 32. Bg4 Qf7 33. Qg3 Rf8 34. Nf4
Bc8 35. Nxe6 Bxe6 36. Bxe6 Qxe6 37. Qxc3 Qg4+ 0-1

[Event "Madrid-chT 2122"]
[Site "Madrid"]
[Date "2022.03.06"]
[Round "12.6"]
[White "Balbuena Fuentes, Mario"]
[Black "Martinez Aragon, Aitor"]
[Result "1-0"]
[WhiteElo "2267"]
[BlackElo "1944"]
[PlyCount "75"]
[EventDate "2021.11.27"]
[EventType "team-tourn"]
[EventRounds "14"]
[EventCountry "ESP"]
[SourceTitle "Ajedrez en Madrid"]
[Source "lmi"]
[SourceDate "2021.11.28"]
[SourceVersion "1"]
[SourceVersionDate "2022.03.28"]
[SourceQuality "1"]
[WhiteTeam "Blanco y Negro"]
[BlackTeam "Tajamar"]
[WhiteTeamCountry "ESP"]
[BlackTeamCountry "ESP"]

1. e4 c5 2. Nf3 Nc6 3. Nc3 e6 4. d4 cxd4 5. Nxd4 Qc7 6. Be3 a6 7. Qf3 Nf6 8.
O-O-O Nxd4 9. Bxd4 e5 10. Be3 d6 11. Qg3 Be6 12. Bg5 Be7 13. Bxf6 Bxf6 14. Nd5
Bxd5 15. Rxd5 Rc8 16. c3 O-O 17. Be2 Qc6 18. a3 b5 19. Kb1 Rb8 20. Qd3 Rb6 21.
Bd1 Rfb8 22. Bb3 Kh8 23. h4 a5 24. g4 b4 25. cxb4 axb4 26. a4 Rc8 27. g5 Be7
28. Qd2 Qe8 29. Rc1 Rxc1+ 30. Qxc1 Rc6 31. Qd2 Rb6 32. Ra5 f6 33. Qd5 fxg5 34.
Ra8 Rb8 35. Rxb8 Qxb8 36. a5 h5 37. a6 Kh7 38. Qf7 1-0

[Event "Madrid-chT 2122"]
[Site "Madrid"]
[Date "2022.03.06"]
[Round "12.1"]
[White "Pulvett Marin, Daniel Eduardo"]
[Black "Espinosa Aranda, Angel"]
[Result "1-0"]
[WhiteElo "2498"]
[BlackElo "2447"]
[PlyCount "59"]
[EventDate "2021.11.27"]
[EventType "team-tourn"]
[EventRounds "14"]
[EventCountry "ESP"]
[SourceTitle "Ajedrez en Madrid"]
[Source "lmi"]
[SourceDate "2021.11.28"]
[SourceVersion "1"]
[SourceVersionDate "2022.03.28"]
[SourceQuality "1"]
[WhiteTeam "Collado Villalba"]
[BlackTeam "Virgen de Atocha"]
[WhiteTeamCountry "ESP"]
[BlackTeamCountry "ESP"]

1. d4 Nf6 2. c4 e6 3. Nf3 Bb4+ 4. Nbd2 O-O 5. a3 Be7 6. e4 d6 7. Be2 Nfd7 8. b4
e5 9. d5 a5 10. Bb2 c6 11. O-O axb4 12. axb4 Rxa1 13. Qxa1 Na6 14. Bc3 cxd5 15.
cxd5 Nb6 16. b5 Nc7 17. Qa7 Nbxd5 18. exd5 Nxd5 19. Ba5 Qe8 20. Re1 Nf4 21. Bf1
f6 22. g3 Qg6 23. Kh1 Ne6 24. Bc4 f5 25. Bb4 Re8 26. Qa3 e4 27. Nd4 Kh8 28.
Nxe6 Bxe6 29. Bxd6 Bg5 30. Bf4 1-0

[Event "Madrid-chT 2122"]
[Site "Madrid"]
[Date "2022.03.06"]
[Round "12.2"]
[White "Rubio Mejia, Luis Ignacio"]
[Black "Martin Duque, Jesus"]
[Result "1/2-1/2"]
[WhiteElo "2409"]
[BlackElo "2424"]
[PlyCount "132"]
[EventDate "2021.11.27"]
[EventType "team-tourn"]
[EventRounds "14"]
[EventCountry "ESP"]
[SourceTitle "Ajedrez en Madrid"]
[Source "lmi"]
[SourceDate "2021.11.28"]
[SourceVersion "1"]
[SourceVersionDate "2022.03.28"]
[SourceQuality "1"]
[WhiteTeam "Virgen de Atocha"]
[BlackTeam "Collado Villalba"]
[WhiteTeamCountry "ESP"]
[BlackTeamCountry "ESP"]

1. c4 e6 2. Nc3 Nf6 3. Nf3 c5 4. g3 b6 5. Bg2 Bb7 6. O-O Be7 7. d4 cxd4 8. Qxd4
Nc6 9. Qf4 O-O 10. b3 Qb8 11. Bb2 Rd8 12. Rfd1 Qxf4 13. gxf4 Na5 14. Rac1 d6
15. Ng5 h6 16. Bxb7 Nxb7 17. Nf3 Rac8 18. e3 Nc5 19. Nd4 a6 20. f5 e5 21. Nc2
a5 22. Ba3 e4 23. Nd5 Nxd5 24. Rxd5 Bf6 25. Rcd1 Be5 26. Bxc5 bxc5 27. Na3 Kf8
28. Nb1 Ke7 29. Nd2 g6 30. fxg6 Rg8 31. Nxe4 Rxg6+ 32. Ng3 Bxg3 33. hxg3 a4 34.
Kg2 axb3 35. axb3 Ra8 36. R1d2 Ra3 37. Rb2 Rg5 38. Rdd2 h5 39. Kf3 Ke6 40. b4
cxb4 41. Rxb4 Ra6 42. Rb5 f5 43. Rd4 Rc6 44. Rf4 Rc8 45. e4 fxe4+ 46. Rxe4+ Re5
47. Rbxe5+ dxe5 48. Rh4 Kf6 49. Ke3 Kg5 50. f4+ exf4+ 51. Rxf4 Ra8 52. Ke4 Ra4
53. Kf3 Ra3+ 54. Kg2 Rc3 55. Kh3 Rc1 56. Rd4 Rh1+ 57. Kg2 Rc1 58. Kh2 Kf5 59.
Rf4+ Kg5 60. Kh3 Rh1+ 61. Kg2 Rc1 62. Kh2 Kg6 63. Rd4 Kg5 64. Kg2 Kf5 65. Rd5+
Kg4 66. Rd4+ Kf5 1/2-1/2

[Event "Madrid-chT 2122"]
[Site "Madrid"]
[Date "2022.03.06"]
[Round "12.3"]
[White "Lianes Garcia, Marcos"]
[Black "Martin Rueda, Daniel"]
[Result "1-0"]
[WhiteElo "2402"]
[BlackElo "2268"]
[PlyCount "77"]
[EventDate "2021.11.27"]
[EventType "team-tourn"]
[EventRounds "14"]
[EventCountry "ESP"]
[SourceTitle "Ajedrez en Madrid"]
[Source "lmi"]
[SourceDate "2021.11.28"]
[SourceVersion "1"]
[SourceVersionDate "2022.03.28"]
[SourceQuality "1"]
[WhiteTeam "Collado Villalba"]
[BlackTeam "Virgen de Atocha"]
[WhiteTeamCountry "ESP"]
[BlackTeamCountry "ESP"]

1. e4 c5 2. g3 d5 3. exd5 Qxd5 4. Nf3 Bg4 5. Bg2 Nc6 6. h3 Bh5 7. O-O Nf6 8.
Nc3 Qd7 9. d3 e6 10. Be3 Rd8 11. g4 Bg6 12. Nd2 Be7 13. Nc4 Nd5 14. Bd2 h5 15.
Nxd5 exd5 16. Ne3 hxg4 17. Qxg4 Rh5 18. f4 Nd4 19. c3 Nf5 20. Rae1 Kf8 21. Nxd5
Bh4 22. Re5 Bf6 23. Nxf6 gxf6 24. Rd5 Qxd5 25. Bxd5 Rxd5 26. d4 cxd4 27. c4 Rd7
28. Re1 Kg7 29. Re8 Rc7 30. b3 Nd6 31. Rd8 Nf5 32. Bb4 Rc6 33. Re8 d3 34. Qf3
Nd4 35. Qe3 Ne6 36. Qxa7 Nxf4 37. Qb8 Nxh3+ 38. Kg2 Ng5 39. Rg8+ 1-0

[Event "Madrid-chT 2122"]
[Site "Madrid"]
[Date "2022.03.06"]
[Round "12.4"]
[White "Rey Martinez, Jaime"]
[Black "Quispe Arteaga, Gabriel"]
[Result "0-1"]
[WhiteElo "2126"]
[BlackElo "2389"]
[PlyCount "72"]
[EventDate "2021.11.27"]
[EventType "team-tourn"]
[EventRounds "14"]
[EventCountry "ESP"]
[SourceTitle "Ajedrez en Madrid"]
[Source "lmi"]
[SourceDate "2021.11.28"]
[SourceVersion "1"]
[SourceVersionDate "2022.03.28"]
[SourceQuality "1"]
[WhiteTeam "Virgen de Atocha"]
[BlackTeam "Collado Villalba"]
[WhiteTeamCountry "ESP"]
[BlackTeamCountry "ESP"]

1. e4 c5 2. Nf3 d6 3. d4 cxd4 4. Nxd4 Nf6 5. Nc3 a6 6. h3 e5 7. Nde2 h5 8. g3
Be7 9. Bg2 Be6 10. f4 exf4 11. Bxf4 Nc6 12. Qd2 Ne5 13. O-O Qc8 14. Kh2 Qc5 15.
Qd4 Rc8 16. Qxc5 Rxc5 17. Rad1 b5 18. Nd4 O-O 19. Nce2 Rfc8 20. b3 Ng6 21. Rfe1
h4 22. g4 Nh7 23. Nxe6 fxe6 24. Bxd6 Bxd6+ 25. Rxd6 Rxc2 26. Rxa6 Ng5 27. Kh1
Rd8 28. Rb6 Rdd2 29. Rxb5 e5 30. a4 Rxe2 31. Rxe2 Rxe2 32. a5 Ra2 33. b4 Kh7
34. Rc5 Nf4 35. Rxe5 Kh6 36. Rf5 Nxg2 0-1

[Event "Madrid-chT 2122"]
[Site "Madrid"]
[Date "2022.03.12"]
[Round "13.1"]
[White "Khamrakulov, Ibragim S"]
[Black "Candela Perez, Jose"]
[Result "1/2-1/2"]
[WhiteElo "2423"]
[BlackElo "2341"]
[PlyCount "61"]
[EventDate "2021.11.27"]
[EventType "team-tourn"]
[EventRounds "14"]
[EventCountry "ESP"]
[SourceTitle "Ajedrez en Madrid"]
[Source "lmi"]
[SourceDate "2021.11.28"]
[SourceVersion "1"]
[SourceVersionDate "2022.03.28"]
[SourceQuality "1"]
[WhiteTeam "Villalba 64"]
[BlackTeam "Alcala de Henares"]
[WhiteTeamCountry "ESP"]
[BlackTeamCountry "ESP"]

1. e4 c5 2. c3 Nf6 3. e5 Nd5 4. Bc4 Nb6 5. Bb3 d5 6. exd6 Qxd6 7. d4 cxd4 8.
Nf3 Be6 9. Qxd4 Qxd4 10. Nxd4 Bxb3 11. axb3 a6 12. Bf4 N8d7 13. O-O e6 14. Nd2
Be7 15. Rfe1 O-O 16. b4 Bf6 17. N4b3 Nd5 18. Bg3 Rfc8 19. Ra2 h5 20. h3 Bd8 21.
Ne4 Bc7 22. Bxc7 Rxc7 23. b5 Rb8 24. Nd6 axb5 25. Nxb5 Rc6 26. Ra7 Nc5 27. Nxc5
Rxc5 28. Nd4 Nf4 29. Kh2 g6 30. g3 Nd3 31. Re2 1/2-1/2

[Event "Madrid-chT 2122"]
[Site "Madrid"]
[Date "2022.03.12"]
[Round "13.2"]
[White "Moreno Ibañez, Miguel"]
[Black "Sanchez Gonzalez, Sergio"]
[Result "0-1"]
[WhiteElo "2287"]
[BlackElo "2302"]
[PlyCount "142"]
[EventDate "2021.11.27"]
[EventType "team-tourn"]
[EventRounds "14"]
[EventCountry "ESP"]
[SourceTitle "Ajedrez en Madrid"]
[Source "lmi"]
[SourceDate "2021.11.28"]
[SourceVersion "1"]
[SourceVersionDate "2022.03.28"]
[SourceQuality "1"]
[WhiteTeam "Alcala de Henares"]
[BlackTeam "Villalba 64"]
[WhiteTeamCountry "ESP"]
[BlackTeamCountry "ESP"]

1. e4 d5 2. exd5 Qxd5 3. Nc3 Qa5 4. d4 Nf6 5. Bc4 Bg4 6. f3 Bd7 7. Bd2 Qb6 8.
d5 c6 9. Qe2 cxd5 10. Bxd5 e6 11. O-O-O Nc6 12. Be3 Bc5 13. Bxc5 Qxc5 14. Ne4
Nxe4 15. Bxe4 O-O-O 16. Bxc6 Bxc6 17. Nh3 h6 18. Kb1 Rxd1+ 19. Rxd1 Rd8 20.
Rxd8+ Kxd8 21. Nf2 Ke7 22. b3 a5 23. h3 a4 24. Nd3 Qg1+ 25. Kb2 Qd4+ 26. c3 a3+
27. Kc2 Qg1 28. Qf2 Qa1 29. Qc5+ Ke8 30. Qxa3 Qf1 31. Qd6 Qxg2+ 32. Kb1 Qxf3
33. Ne5 Qf1+ 34. Kb2 Qf2+ 35. Kb1 Qb6 36. Nc4 Qd8 37. Qc5 Qd5 38. Qa7 Ke7 39.
Qb8 Qd8 40. Qf4 f6 41. Qg3 g5 42. a4 e5 43. Kb2 Bd5 44. Ne3 Be6 45. Qf3 Qd2+
46. Ka3 Qd6+ 47. Kb2 Qd2+ 48. Ka3 Qd6+ 49. Kb2 Qc6 50. Nf5+ Bxf5 51. Qxf5 Qd7
52. Qh7+ Ke6 53. Qg8+ Kf5 54. Qc4 e4 55. Qc5+ Kg6 56. Qe3 f5 57. Qb6+ Kh7 58.
Qf6 e3 59. Qe5 f4 60. h4 Kg6 61. Qe4+ Kh5 62. hxg5 hxg5 63. Qf3+ Kh4 64. Qh1+
Kg4 65. Qg2+ Kf5 66. Qh3+ g4 67. Qh5+ Ke4 68. Qg6+ Kf3 69. Qh5 Qd2+ 70. Ka3
Qc1+ 71. Kb4 e2 0-1